000 01147nam a22003377a 4500
003 CHAP
005 20220329133011.0
008 971013s1986 r 00010 d
010 _a1113
011 _a2085
035 _a1276
040 _cCHAP
082 _a636.089
_bD8 1986
100 0 0 _aDuncan, J. Robert.
_934468
245 _aVeterinary laboratory medicine
_b: clinical pathology
250 _a2 ed.
260 _aAmes :
_bIowa State University,
_c1986
300 _a285 p.
_b: ilus.
500 _a40-106
590 _aBATCH-UPD
_b10
_c20130110
_lUCH01
_h0309
590 _aBATCH-UPD
_b10
_c20130110
_lUCH01
_h2113
590 _aCONVERSION
_b10
_c20130109
_lUCH01
_h1302
650 1 4 _aVeterinaria.
_9118987
650 1 4 _aVeterinaria
_xLaboratorios.
_9119000
700 0 _aPrasse, Keith W.
_991304
901 _aBK
942 _cLIBRO
949 _a636.089 D8 1986
_bBC
_cLIBRO
_d33724000275426
_eLIBRO
_fc.3
_gI. c/e
_h77885
_i1276
_si
_t89.00
949 _a636.089 D8 1986
_bBC
_cLIBRO
_d33724000275434
_eLIBRO
_fc.2
_gI. 151418
_h77887
_i1276
_si
_t174.80
949 _a636.089 D8 1986
_bBC
_cLIBRO
_d33724000278305
_eLIBRO
_gI.151508
_h77886
_i1276
_si
_t174.80
999 _c1113
_d1113